Matthew, disciple and scribe : (Record no. 52620)
[ view plain ]
| 000 -LEADER | |
|---|---|
| fixed length control field | 01187cam a2200253 i 4500 |
| 001 - CONTROL NUMBER | |
| control field | 20747642 |
| 005 - DATE AND TIME OF LATEST TRANSACTION | |
| control field | 20240422154608.0 |
| 008 - FIXED-LENGTH DATA ELEMENTS--GENERAL INFORMATION | |
| fixed length control field | 181118s2019 miu b 001 0 eng |
| 010 ## - LIBRARY OF CONGRESS CONTROL NUMBER | |
| LC control number | 2018053552 |
| 020 ## - INTERNATIONAL STANDARD BOOK NUMBER | |
| International Standard Book Number | 9780801099489 (pbk.) |
| 040 ## - CATALOGING SOURCE | |
| Original cataloging agency | DLC |
| Language of cataloging | eng |
| Transcribing agency | DLC |
| Description conventions | rda |
| Modifying agency | DLC |
| 042 ## - AUTHENTICATION CODE | |
| Authentication code | pcc |
| 100 1# - MAIN ENTRY--PERSONAL NAME | |
| Personal name | Schreiner, Patrick, |
| Relator term | author. |
| 245 10 - TITLE STATEMENT | |
| Title | Matthew, disciple and scribe : |
| Remainder of title | the first Gospel and its portrait of Jesus / |
| Statement of responsibility, etc | Patrick Schreiner. |
| 260 ## - PUBLICATION, DISTRIBUTION, ETC. (IMPRINT) | |
| Place of publication, distribution, etc | Grand Rapids, Michigan : |
| Name of publisher, distributor, etc | Baker Academic, a division of Baker Publishing Group, |
| Date of publication, distribution, etc | c2019. |
| 300 ## - PHYSICAL DESCRIPTION | |
| Extent | xiv, 289 pages ; |
| Dimensions | 23 cm |
| 336 ## - CONTENT TYPE | |
| Content Type Term | text |
| Content Type Code | txt |
| Source | rdacontent |
| 337 ## - MEDIA TYPE | |
| Media Type Term | unmediated |
| Media Type Code | n |
| Source | rdamedia |
| 338 ## - CARRIER TYPE | |
| Carrier Type Term | volume |
| Carrier Type Code | nc |
| Source | rdacarrier |
| 504 ## - BIBLIOGRAPHY, ETC. NOTE | |
| Bibliography, etc | Includes bibliographical references (pages 255-267) and indexes. |
| 505 0# - FORMATTED CONTENTS NOTE | |
| Formatted contents note | The scribe described -- Matthew, the discipled scribe -- The scribe's convictions and methods -- The scribe at work -- Jesus and the journey of the Davidic king -- Jesus as the ideal and righteous king -- Jesus and the mosaic exodus -- Jesus and Abraham's new family -- Jesus and Israel's destiny. |
| 630 00 - SUBJECT ADDED ENTRY--UNIFORM TITLE | |
| Uniform title | Bible. |
| Name of part/section of a work | Matthew |
| General subdivision | Criticism, interpretation, etc. |
| 942 ## - ADDED ENTRY ELEMENTS (KOHA) | |
| Source of classification or shelving scheme | Library of Congress Classification |
| Item type | Books |
| Withdrawn status | Lost status | Source of classification or shelving scheme | Damaged status | Not for loan | Home library | Current library | Shelving location | Date acquired | Inventory number | Total Checkouts | Full call number | Barcode | Date last seen | Price effective from | Koha item type |
|---|---|---|---|---|---|---|---|---|---|---|---|---|---|---|---|
| Library of Congress Classification | BSOP Library | BSOP Library | GC | 04/22/2024 | 48211 | BS2575.2 Sch6 2019 | 00058347 | 04/22/2024 | 04/22/2024 | Books |
